logo

Bir Sreshtho Munshi Abdur Rouf Library
Jhenaidah Cadet College

ছোটদের কৃষি-বিজ্ঞান অষ্টম শ্রেণীর জন্য / (Record no. 5910)

MARC details
000 -LEADER
fixed length control field 00865nam a2200229 a 4500
001 - CONTROL NUMBER
JCCL Control Number 5910
003 - CONTROL NUMBER IDENTIFIER
JCCL marc code BD-JhCC
005 - DATE AND TIME OF LATEST TRANSACTION
control field 20171231114624.0
008 - FIXED-LENGTH DATA ELEMENTS--GENERAL INFORMATION
fixed length control field 171230s1965 bg a|||| ||a| 000 0 ben d
035 ## - SYSTEM CONTROL NUMBER
system control number (BD-JhCC) 5910
040 ## - CATALOGING SOURCE
Original cataloging agency BD-JhCC
Modifying agency BD-JhCC
041 ## - LANGUAGE CODE
Language code of Book ben
082 ## - DEWEY DECIMAL CLASSIFICATION NUMBER
Classification number 630
Author mark and Year KAM 1965
100 ## - MAIN ENTRY--PERSONAL NAME
Personal name কামালুদ্দিন, এ.এস.এম
245 ## - TITLE STATEMENT
Title ছোটদের কৃষি-বিজ্ঞান অষ্টম শ্রেণীর জন্য /
Statement of responsibility, etc এ.এস.এম কামালুদ্দিন, মোহম্মদ মোস্তফা আলী
260 ## - PUBLICATION, DISTRIBUTION, ETC. (IMPRINT)
Place of publication, distribution, etc ঢাকা :
Name of publisher, distributor, etc আহমদ পাবলিশিং হাউস ,
Date of publication, distribution, etc 1965
300 ## - PHYSICAL DESCRIPTION
Pagination 130 p .:
Dimensions 17 cm
650 ## - SUBJECT ADDED ENTRY--TOPICAL TERM
Topical term or geographic name as entry element Agriculture Science
700 ## - ADDED ENTRY--PERSONAL NAME
Personal name আলী, মোহম্মদ মোস্তফা
942 ## - ADDED ENTRY ELEMENTS (KOHA)
Source of classification or shelving scheme Dewey Decimal Classification
Koha item type Books
Holdings
Source of classification or shelving scheme Damaged status Not for loan Home library Current library Shelving location Date of accession Cost, normal purchase price Total Checkouts Full call number Barcode Date last seen Copy number Koha item type
Dewey Decimal Classification     JCC Rouf Library JCC Rouf Library General Stacks 12/30/2017 1.08   630 KAM 1965 8385 12/30/2017 C - 1 Books

JCC Library | Contacts | JCC Home

Last Update on 23 September 2017
Copyright @ 2017-2020 JCC Rouf Library
Rouf Library, Jhenidah Cadet College (JCC), Bangladesh